000 00551nam a22002057a 4500
003 OSt
005 20140310181939.0
008 130724t xxu||||| |||| 00| 0 eng d
020 _a9781853262647
050 _aPR 4565
_b.D548 1995
082 _aCLA D55n
_b1995
100 _aDickens, Charles
_93381
245 _aNicholas Nickleby /
_cCharles Dickens.
260 _aHertfordshire:
_bWordsworths Editions Limited,
_cc1995.
300 _a731 p. :
_c20 cm.
541 _j1
562 _e1
650 _aClassics
_92808
942 _2lcc
_cBBK
_kCLA
999 _c7615
_d7615